Evaluación de programas educativos, centros y profesores
Збережено в:
| Автори: | , |
|---|---|
| Формат: | Книга |
| Мова: | Іспанська |
| Опубліковано: |
Madrid
Universitas
1995
|
| Редагування: | 1a. ed |
| Предмети: | |
| Теги: |
Додати тег
Немає тегів, Будьте першим, хто поставить тег для цього запису!
|
MARC
| LEADER | 00000nam a2200000 a 4500 | ||
|---|---|---|---|
| 001 | UCK9352 | ||
| 003 | CL-VaPUC | ||
| 008 | 060428e19950000SP |||||||||||||||||spa|d | ||
| 020 | |a 8479910186 | ||
| 082 | 0 | 4 | |a 375.006 |b MED |2 21 |
| 100 | |a Medina Rivilla, Antonio |e autor |9 570679 | ||
| 700 | 0 | |a Villar Angulo, Luis Miguel |e author |9 499096 | |
| 245 | 1 | 0 | |a Evaluación de programas educativos, centros y profesores |
| 250 | |a 1a. ed | ||
| 300 | |a 532 p | ||
| 942 | |c BK | ||
| 945 | |d 20060428 00:00:00 |a cmena | ||
| 260 | |a Madrid |b Universitas |c 1995 | ||
| 650 | 0 | |a Planificación del currículo |9 269599 | |
| 650 | 0 | |a Curriculos |9 343652 | |
| 650 | 0 | |a Evaluación de la educación |9 237505 | |
| 650 | 0 | |a Métodos de investigación |9 262618 | |
| 583 | |a last modification |c 20060428 00:00:00 |k Rodrigo Vera | ||
| 999 | |c 316567 |d 316565 | ||
| 952 | |0 0 |1 0 |4 0 |6 375_006000000000000_MED_1995 |7 0 |8 A |9 391027 |a BIBEDU |b BIBEDU |d 2019-11-22 |i 4225112 |o 375.006 MED 1995 |p 4225112 |r 2019-11-22 |w 2019-11-22 |y BK |k EDU | ||